000 01069nam a2200277Ia 4500
003 GCL
005 20240530103249.0
008 140319s1994 jo g 000 0 ara d
040 _aGCL /
_cGCL
082 0 4 _a320.473/
_bف س
100 1 _4فيشر، لويس
245 1 0 _aسياسات تقاسم القوى :
_bالكونغرس والسلطة التنفيذية /
_cلويس فيشر ؛ ترجمة مازن حماد ؛ مراجعة سعد ابو دية
250 _aط.3
260 _aعمان :
_bالاهلية للنشر والتوزيع،
_c1994.
300 _a306 ص. ؛
_c24 سم.
650 0 7 _2qrmak
_aالسياسة الدولية
650 0 7 _2qrmak
_aالديمقراطية
650 0 7 _2qrmak
_aالسلطة التشريعية
650 0 7 _2qrmak
_aالكونجرس
650 0 7 _2qrmak
_aالسلطة التنفيذية
650 0 7 _2qrmak
_aفصل السلطات
651 0 7 _2qrmak
_aالولايات المتحدة الامريكية
700 0 _aمازن حماد
_eمترجم
700 0 _aسعد ابو دية
_eمراجع
942 _2ddc
_cBK
999 _c37984
_d37984